000 00626nam a2200241Ia 4500
003 OSt
005 20221005074256.0
006 a|||||r|||| 00| 0
007 ta
008 221004b |||||||| |||| 00| 0 urd d
024 _a107374
037 _cTextual
040 _aCRL
_cCRL
_burd
041 _2urd
_aurd
082 _aO168,1N35x, P8
100 _aKanwal G. R.
_9490858
245 0 _aNeend kyon nahi aati
260 _aNew Delhi
_bLots Books India
_c2008
300 _a244p.
_ccm.
650 _aURDU POETRY
942 _hO168,1N35x, P8
_cTEXL
_2cc
999 _c982453
_d982453